书目信息 |
| 题名: |
建筑及工程结构钢材手册
|
|
| 作者: | 熊中实 , 倪文杰 编著 | |
| 分册: | ||
| 出版信息: | 北京 中国建材工业出版社 1999.07 |
|
| 页数: | 1003页 | |
| 开本: | 26cm | |
| 丛书名: | ||
| 单 册: | ||
| 中图分类: | TU511.3-62 | |
| 科图分类: | ||
| 主题词: | 建筑材料:金属材料 | |
| 电子资源: | ||
| ISBN: | 7-80090-964-6 | |
| 000 | 00669nam0 2200205 45 | |
| 001 | 0261760792 | |
| 005 | 2002040817092079 | |
| 010 | @a7-80090-964-6@dRMB 298.00 | |
| 100 | @a20020408d1999 km y0chiy0120 ea | |
| 101 | 0 | @achi |
| 102 | @aCN@b110000 | |
| 200 | 1 | @a建筑及工程结构钢材手册@Ajian zhu ji gong cheng jie gou gang cai shou ce@f熊中实,倪文杰编著@FXiong Zhong Shi,Ni Wen Jie Bian Zhu |
| 210 | @a北京@c中国建材工业出版社@d1999.07 | |
| 215 | @a1003页@d26cm | |
| 606 | 0 | @a建筑材料:金属材料 |
| 690 | @aTU511.3-62@v3 | |
| 701 | 0 | @a熊中实@AXiong Zhong Shi@4编著 |
| 701 | 0 | @a倪文杰@ANi Wen Jie@4编著 |
| 801 | 0 | @aCN@bPFT@c20020408 |
| 905 | @a10447@dTU511.3-62@eX654 | |
| 建筑及工程结构钢材手册/熊中实,倪文杰编著.-北京:中国建材工业出版社,1999.07 |
| 1003页;26cm |
| ISBN 7-80090-964-6:RMB 298.00 |
| ● |
| 相关链接 |
|
|
|
正题名:建筑及工程结构钢材手册
索取号:TU511.3-62/X654
 
预约/预借
| 序号 | 登录号 | 条形码 | 馆藏地/架位号 | 状态 | 备注 |
| 1 | 356528 | 203565285 | 建筑库201/201建筑库 6排2列2层/ [索取号:TU511.3-62/X654] | 在馆 | |
| 2 | 356529 | 203565294 | 建筑库201/201建筑库 7排2列4层/ [索取号:TU511.3-62/X654] | 在馆 | |
| 3 | 356530 | 203565301 | 建筑库201/201建筑库 6排2列2层/ [索取号:TU511.3-62/X654] | 在馆 |